000 02942cam a2200337 a 4500
003 CO-CtgCURN
005 20250821142654.0
008 180731s2017 ck o gr 000 0 spa
015 _ack-2017-xxxx
020 _a9789588944869
040 _aCO-CtgCURN
_bspa
_ccoctgcurn
_erda
082 0 4 _a303.60986114
_bB389
_223
100 1 _aBecerra Becerra, Carmen Andrea.
245 1 3 _aUn bosque de memoria viva, desde la Alta Montaña de El Carmen de Bolívar /
_c[coordinadora del informe e investigadora, Carmen Andrea Becerra Becerra ; fotografías internas, Kristian Sanabria ... et al.].
250 _a1a. ed.
260 _aBogotá :
_bCentro Nacional de Memoria Histórica,
_c2017.
300 _a525 p. :
_bfot. col. ;
_c23 cm.
336 _2rdacontent
337 _2rdamedia
338 _2rdacarrier
500 _a"Informe del Centro Nacional de Memoria Histórica y del Proceso Pacífico de Reconciliación e Integración de la Alta Montaña de El Carmen de Bolíva"
504 _aIncluye referencias bibliográficas (p. 517-525)
520 8 _aLa Alta Montaña del Carmen de Bolívar es una comunidad conformada por 54 veredas y 13 corregimientos. Las personas que allí habitan se autorreconocen e identifican como comunidad gracias a sus raíces e historia, los vínculos familiares, de amistad y vecindad, la economía campesina y la cultura. En 2013, con más necesidades que derechos satisfechos y anteponiendo la dignidad al miedo y a la resignación, el Movimiento Pacífico de la Alta Montaña convocó a las personas de esa región a marchar. Fue así como el 5 de abril de ese año se reunieron más de 1.500 personas con un solo propósito: ser escuchados por las entidades y autoridades departamentales y nacionales. Y fue gracias a esa caminata pacífica que ese mismo mes se conformó una mesa de diálogo en San Jacinto, Bolívar, en la que se suscribieron 91 compromisos entre la comunidad y el gobierno en materia de acceso a vías, servicios públicos, derechos civiles y políticos, económicos, sociales, ambientales y culturales, y el derecho a la reparación integral.La afectación de la economía campesina debido a la muerte del aguacate y la estigmatización de la zona en medio del conflicto armado fueron dos temas que también se transmitieron a las autoridades e instituciones de la mesa, así como la construcción de un proceso de memoria con la participación de la comunidad.
650 1 4 _aConflicto armado
_xInvestigaciones
_zEl Carmen de Bolívar (Bolívar, Colombia)
651 4 _aEl Carmen de Bolívar (Bolívar, Colombia)
_xGeografía.
651 4 _aEl Carmen de Bolívar (Bolívar, Colombia)
_xCondiciones sociales.
700 1 _aSanabria, Kristian,
_efotógrafo.
_4ftg
856 7 _uhttp://www.centrodememoriahistorica.gov.co/informes/un-bosque-de-memoria-viva
942 _2ddc
_cBK
_h303.60986114
_iB389
999 _c49421
_d49421
_x1